Algunas consideraciones y resultados del estado de la nación para repensar la educación costarricense /

Wedi'i Gadw mewn:
Manylion Llyfryddiaeth
Prif Awdur: Gutiérrez Saxe, Miguel
Fformat: Texto
Pynciau:
Tagiau: Ychwanegu Tag
Dim Tagiau, Byddwch y cyntaf i dagio'r cofnod hwn!

MARC

LEADER 00000 a a2200000 04500
001 16838
003
040
100 |a Gutiérrez Saxe, Miguel  
245 |a Algunas consideraciones y resultados del estado de la nación para repensar la educación costarricense /  |c Miguel Gutiérrez Saxe 
650 |a ESTADISTICAS DE LA EDUCACION  
650 |a RENDIMIENTO DE LA EDUCACION  
650 |a ACCESO A LA EDUCACION  
650 |a ALFABETIZACION  
650 |a DESARROLLO HUMANO  
650 |a POBREZA  
650 |a PRESUPUESTO DE LA EDUCACION  
650 |a EDIFICIOS EDUCACIONALES  
773 |g volumen 12, número 2; páginas 49-70  
999 |c 31015  |d 31015